Handbook of advanced chromatographic and spectroscopic techniques / (Record no. 35340)

MARC details
000 -LEADER
fixed length control field 00521nam a22001697a 4500
005 - DATE AND TIME OF LATEST TRANSACTION
control field 20240313100220.0
008 - FIXED-LENGTH DATA ELEMENTS--GENERAL INFORMATION
fixed length control field 240313b |||||||| |||| 00| 0 eng d
020 ## - INTERNATIONAL STANDARD BOOK NUMBER
ISBN 9789692331937
082 ## - DEWEY DECIMAL CLASSIFICATION NUMBER
Classification number 543.65
Item number HAN
245 ## - TITLE STATEMENT
Title Handbook of advanced chromatographic and spectroscopic techniques /
Statement of responsibility, etc. Edited by Kanwal Ashiq
250 ## - EDITION STATEMENT
Edition statement 1st ed.
260 ## - PUBLICATION, DISTRIBUTION, ETC.
Place of Publication Pakistan :
Name of publisher, distributor, etc. Pharmacy superior university ;
Date of publication, distribution, etc. 2024 .
300 ## - PHYSICAL DESCRIPTION
Pages 182 p. :
500 ## - GENERAL NOTE
General note Include Index.
650 ## - SUBJECT ADDED ENTRY--TOPICAL TERM
Subject / Department Medical / Pharmacy
300 ## - PHYSICAL DESCRIPTION
-- ill ;
-- 24 cm .
952 ## - LOCATION AND ITEM INFORMATION (KOHA)
-- 0
-- 0
Holdings
Lost status Damaged status Collection code Permanent Location Current Location Shelving Location Date acquired Full Call Number Accession No./Barcode Date last seen item type Koha item type
    Medical Superior Information Resource Center (SIRC) Superior University- Central Library Superior Information Resource Center (SIRC) Superior University- Central Library Pharmacy 03/13/2024 543.65 HAN 2024 29113 03/13/2024 BOOK BOOK

Powered by Koha